• 首页
  • 本馆介绍
  • 公告通知
  • 最新文献
  • 馆藏检索
  • 电子资源
  • 读者导购
  • 参考咨询
  • 我的图书馆
  • 登录
  • 详细信息显示
  • 放入我的书架
  • 预约/预借图书
  • 作者相关作品
  • 分类相关作品
  • 丛书相关作品
  • 出版社相关作品

书目信息

  • 表格格式
  • 工作单格式
  • 卡片格式
题名:
为胜利实现“七五”计划而奋斗
    
 
作者: ;国务院办公厅调研室 编
分册:  
出版信息: 北京   中国经济出版社  1986
页数: 370页
开本: 20cm
丛书名:
单 册:
中图分类: F123.37 , D220
科图分类:
主题词: 国民经济计划--“七五”计划 , 中国共产党
电子资源:
ISBN:
000 00870nam0 2200241 450
001 1562573630
005 20150126172317.07
091    @a3395.02@dCNY1.85
100    @a20060609d1986 emky0chiy0120 ea
101 0  @achi
102    @aCN@b110000
105    @ay z 000yy
200 1  @a为胜利实现“七五”计划而奋斗@9wei sheng li shi xian“ qi wu” ji hua er fen dou@e六届人大四次会议精神学习和宣传辅导材料@f国务院办公厅调研室编
210    @a北京@c中国经济出版社@d1986
215    @a370页@d20cm
517 1  @a六届人大四次会议精神学习和宣传辅导材料@9liu jie ren da si ci hui yi jing shen xue xi he xuan chuan fu dao cai liao
606 0  @a国民经济计划@x“七五”计划
606 0  @a中国共产党
690    @aF123.37@v5
690    @aD220@v4
711 02 @a国务院办公厅调研室@9guo wu yuan ban gong ting diao yan shi@4编
801  0 @aCN@bTSSF@c20150126
905    @aZUCC@dD220@eJY13
    
    为胜利实现“七五”计划而奋斗:六届人大四次会议精神学习和宣传辅导材料/国务院办公厅调研室编.-北京:中国经济出版社,1986
    370页;20cm
    
    
    ISBN :
    
●
相关链接 在E读中查询图书 在五车中查询图书 在当当中查询图书 在豆瓣中查询图书


正题名:为胜利实现"七五"计划而奋斗     索取号:D220/JY13         预约/预借

序号 登录号 条形码 馆藏地/架位号 状态 备注
1 7837977   278379773   学院路分馆/ [索取号:D220/JY13] 在馆    
唐山师范学院图书馆 欢迎您!
大连网信软件有限公司© 版权所有